Duty of care deeds and commercial property (Record no. 109343)
[ view plain ]
| 000 -LEADER | |
|---|---|
| fixed length control field | 01162cad a22002415a 4500 |
| 001 - CONTROL NUMBER | |
| control field | L146897 |
| 008 - FIXED-LENGTH DATA ELEMENTS--GENERAL INFORMATION | |
| fixed length control field | 090309s2009 xxk f 000 0 eng d |
| 020 ## - INTERNATIONAL STANDARD BOOK NUMBER | |
| International Standard Book Number | 9781842194515 |
| 035 ## - SYSTEM CONTROL NUMBER | |
| System control number | (Sirsi) u146897 |
| 041 0# - LANGUAGE CODE | |
| Language code of text/sound track or separate title | eng |
| 050 04 - LIBRARY OF CONGRESS CALL NUMBER | |
| Classification number | 333.33 $2 18 |
| 110 2# - MAIN ENTRY--CORPORATE NAME | |
| Corporate name or jurisdiction name as entry element | Royal Institution of Chartered Surveyors |
| 9 (RLIN) | 4900 |
| 245 00 - TITLE STATEMENT | |
| Title | Duty of care deeds and commercial property |
| Medium | [archived] |
| 260 ## - PUBLICATION, DISTRIBUTION, ETC. | |
| Place of publication, distribution, etc. | London |
| Name of publisher, distributor, etc. | RICS |
| Date of publication, distribution, etc. | 2009 |
| 490 #0 - SERIES STATEMENT | |
| Series statement | RICS Information Paper |
| 520 ## - SUMMARY, ETC. | |
| Summary, etc. | Sets out the nature and purpose of duty of care deeds in the context of property management. Suggests an approach for property managers when faced with duty of care deeds, often provided by banks or financial institutions. Includes sample wording to control a property manager's risk exposure under duty of care deeds. |
| 520 ## - SUMMARY, ETC. | |
| Summary, etc. | Archived in 2018 |
| 590 ## - LOCAL NOTE (RLIN) | |
| Local note | KA |
| 651 #4 - SUBJECT ADDED ENTRY--GEOGRAPHIC NAME | |
| Geographic name | United Kingdom |
| 690 ## - LOCAL SUBJECT ADDED ENTRY--TOPICAL TERM (OCLC, RLIN) | |
| Topical term or geographic name as entry element | PROPERTY-COMMERCIAL PROPERTY-COMMERCIAL PROPERTY MANAGEMENT |
| 856 40 - ELECTRONIC LOCATION AND ACCESS | |
| Uniform Resource Identifier | <a href="https://www.isurv.com/downloads/file/1067/archive_duty_of_care_deeds_and_commercial_property_1st_edition_february_2009%E2%80%93june_2018">https://www.isurv.com/downloads/file/1067/archive_duty_of_care_deeds_and_commercial_property_1st_edition_february_2009%E2%80%93june_2018</a> |
| Public note | Archived in isurv (subscription required) |
| 942 ## - ADDED ENTRY ELEMENTS (KOHA) | |
| Suppress in OPAC | 0 |
| Source of classification or shelving scheme | Dewey Decimal Classification |
| Withdrawn status | Lost status | Source of classification or shelving scheme | Damaged status | Not for loan | Home library | Current library | Shelving location | Date acquired | Total Checkouts | Full call number | Barcode | Date last seen | Copy number | Koha item type |
|---|---|---|---|---|---|---|---|---|---|---|---|---|---|---|
| Dewey Decimal Classification | Virtual | Virtual | Online | 09/03/2009 | isurv | 146897-1001 | 25/07/2023 | 1 | Online material |